00603 2200217 4500001002100000005001700021008004100038035002400079090001500103100002000118245006600138250001100204260002800215300003100243500003100274650002100305700002300326850001500349985000600364999001500370YOGYA-0209000002231020090227023630.0 ind  0010-020900000022310 a302bWur P aWURYO, Kasmiran aPengantar ilmu jiwa sosialcKasmiran Wuryo, H. Ali Sjaifullah aCet. 1 ajakartabErlanggac1983 aviii, 197 hlmbilusc21 cm aBibliografi : hlm. 195-197 aPsikologi Sosial aSyaifullah, H. Ali aYOPDYOG(B) a1 a06A0016072